Dinh dưỡng làm đẹp

Uloženo v:
Podrobná bibliografie
Hlavní autor: Sát, Đông Liên
Médium: Kniha
Jazyk:Undetermined
Vydáno: Hà Nội Phụ Nữ 2004
Témata:
Tagy: Přidat tag
Žádné tagy, Buďte první, kdo otaguje tento záznam!
Thư viện lưu trữ: Trung tâm Học liệu Trường Đại học Cần Thơ
LEADER 00595nam a2200205Ia 4500
001 CTU_74135
008 210402s9999 xx 000 0 und d
020 |b 22000 
082 |a 613.2 
082 |b L305 
100 |a Sát, Đông Liên 
245 0 |a Dinh dưỡng làm đẹp 
245 0 |c Sát Đông Liên, Khưu Đa Vũ 
260 |a Hà Nội 
260 |b Phụ Nữ 
260 |c 2004 
650 |a Diet,Human physiology,Nutrition,Public health 
650 |x Kitchens,Dietetics 
904 |i Mai Loan, Qhieu 
980 |a Trung tâm Học liệu Trường Đại học Cần Thơ